Dynamic malware analysis environment

Gespeichert in:
Bibliographische Detailangaben
1. Verfasser: Bereník, Adam (Verfasst von)
Weitere Verfasser: Gajdošík, Adam (Betreuung Doktorarbeit)
Format: Manuskript Buch
Sprache:Slowakisch
Englisch
Veröffentlicht: 2025
Schlagworte:
Online-Zugang:http://is.stuba.sk/zp/portal_zp.pl?podrobnosti=183857
Tags: Tag hinzufügen
Keine Tags, Fügen Sie das erste Tag hinzu!

MARC

LEADER 00000ntm a22000003a 4500
001 stuzp105866
003 SK-STU
005 20250607211902.5
007 ta
008 150427s2015----xo-----f-mn---000-0-slo-d
040 |a STU  |b slo 
041 0 |a eng 
100 1 |a Bereník, Adam  |u 070400  |4 aut  |U FIIT Fakulta informatiky a informačných technológií  |T FIIT Ústav počítačového inžinierstva a aplikovanej informatiky  |X 102863  |U I400  |Y 672  |7 102863 
242 0 1 |a Vytvorenie prostredia pre dynamickú analýzu škodlivého kódu  |y slo 
245 1 0 |a Dynamic malware analysis environment 
260 |c 2025 
650 4 |a dynamic anti-debug mitigation  |2 eng 
650 4 |a dynamic malware analysis  |2 eng 
650 4 |a evasive malware  |2 eng 
650 4 |a malvér znemožňujúci analýzu  |2 slo 
650 4 |a mitigácia techník vyhýbania sa analýze  |2 slo 
650 4 |a dynamická analýza malvéru  |2 slo 
700 1 |a Gajdošík, Adam  |4 ths  |X 96853  |7 96853 
856 4 |u http://is.stuba.sk/zp/portal_zp.pl?podrobnosti=183857